LIBRARY & INFORMATION CENTRE, KCAET, TAVANUR

ONLINE PUBLIC ACCESS CATALOGUE (OPAC)

Code of practice for ancillary structures in sewage system, 4111-1968 Part-4 (Record no. 5905)

MARC details
000 -LEADER
fixed length control field 00917cam a2200157ua 4500
041 ## - LANGUAGE CODE
Language code of text/sound track or separate title eng
082 ## - DEWEY DECIMAL CLASSIFICATION NUMBER
Classification number 628.292
Item number IND/CO
245 ## - TITLE STATEMENT
Title Code of practice for ancillary structures in sewage system, 4111-1968 Part-4
250 ## - EDITION STATEMENT
Edition statement 1 /
260 ## - PUBLICATION, DISTRIBUTION, ETC. (IMPRINT)
Place of publication New Delhi :
Name of publisher Indian standards institution ,
Year of publication 1984.
300 ## - PHYSICAL DESCRIPTION
Number of Pages 17 ; .
942 ## - ADDED ENTRY ELEMENTS (KOHA)
Koha item type Books
Holdings
Withdrawn status Lost status Damaged status Home library Current library Date acquired Full call number Accession Number Koha item type
      KAUAET   07/04/2012 628.292 17165 Books
free website counter